[Event "Elite Hotels Open 2025"]
[Site "Elite Stadshotellet, Växjö, Sweden"]
[Date "2025.02.08"]
[Round "6.3"]
[White "Gdanski, Jacek"]
[Black "Ostlund, Joar"]
[Result "1/2-1/2"]
[TimeControl "R1-4: 15 min + 5 sek, R5-8: 90 min + 30 sek"]
[WhiteTitle "GM"]
[BlackTitle "FM"]
[WhiteElo "2483"]
[BlackElo "2312"]

1. e4 {[%clk 01:30:58]} {[%emt 01:32:37]} c5 {[%clk 01:30:38]} {[%emt
00:00:22]} 2. Nc3 {[%clk 01:31:10]} {[%emt 00:00:18]} Nc6 {[%clk 01:31:00]}
{[%emt 00:00:09]} 3. Nf3 {[%clk 01:31:29]} {[%emt 00:00:10]} g6 {[%clk
01:30:57]} {[%emt 00:00:33]} 4. d4 {[%clk 01:29:40]} {[%emt 00:02:19]} cxd4
{[%clk 01:31:14]} {[%emt 00:00:13]} 5. Nxd4 {[%clk 01:30:06]} {[%emt 00:00:04]}
Bg7 {[%clk 01:31:21]} {[%emt 00:00:23]} 6. Be3 {[%clk 01:30:32]} {[%emt
00:00:04]} Nf6 {[%clk 01:31:28]} {[%emt 00:00:22]} 7. Bc4 {[%clk 01:30:19]}
{[%emt 00:00:44]} O-O {[%clk 01:31:14]} {[%emt 00:00:45]} 8. Bb3 {[%clk
01:30:32]} {[%emt 00:00:17]} d6 {[%clk 01:30:52]} {[%emt 00:00:51]} 9. f3
{[%clk 01:24:28]} {[%emt 00:06:34]} Bd7 {[%clk 01:30:14]} {[%emt 00:01:07]} 10.
Qd2 {[%clk 01:24:50]} {[%emt 00:00:10]} Nxd4 {[%clk 01:29:52]} {[%emt
00:00:52]} 11. Bxd4 {[%clk 01:25:11]} {[%emt 00:00:08]} b5 {[%clk 01:30:01]}
{[%emt 00:00:21]} 12. Nd5 {[%clk 01:20:36]} {[%emt 00:05:05]} Nxd5 {[%clk
01:14:43]} {[%emt 00:15:48]} 13. exd5 {[%clk 01:19:50]} {[%emt 00:01:17]} Bxd4
{[%clk 01:09:21]} {[%emt 00:05:52]} 14. Qxd4 {[%clk 01:20:17]} {[%emt
00:00:02]} a5 {[%clk 01:07:41]} {[%emt 00:02:11]} 15. c3 {[%clk 01:13:54]}
{[%emt 00:06:53]} Qc7 {[%clk 01:00:59]} {[%emt 00:07:12]} 16. h4 {[%clk
01:03:06]} {[%emt 00:11:17]} a4 {[%clk 00:40:13]} {[%emt 00:21:17]} 17. Bc2
{[%clk 00:57:20]} {[%emt 00:06:16]} b4 {[%clk 00:37:30]} {[%emt 00:03:14]} 18.
Qxb4 {[%clk 00:42:42]} {[%emt 00:15:06]} Rfb8 {[%clk 00:34:04]} {[%emt
00:03:56]} 19. Qa3 {[%clk 00:43:08]} {[%emt 00:00:05]} Rb5 {[%clk 00:33:07]}
{[%emt 00:01:27]} 20. O-O-O {[%clk 00:18:07]} {[%emt 00:25:31]} Rab8 {[%clk
00:32:51]} {[%emt 00:00:45]} 21. Rd4 {[%clk 00:10:52]} {[%emt 00:07:45]} Rxb2
{[%clk 00:26:30]} {[%emt 00:06:52]} 22. Qxb2 {[%clk 00:10:52]} {[%emt
00:00:29]} Rxb2 {[%clk 00:26:54]} {[%emt 00:00:06]} 23. Kxb2 {[%clk 00:11:17]}
{[%emt 00:00:05]} Qb6+ {[%clk 00:25:13]} {[%emt 00:02:12]} 24. Kc1 {[%clk
00:10:33]} {[%emt 00:01:14]} a3 {[%clk 00:06:17]} {[%emt 00:19:26]} 25. Bb3
{[%clk 00:09:20]} {[%emt 00:01:43]} e5 {[%clk 00:00:36]} {[%emt 00:06:10]} 26.
dxe6 {[%clk 00:09:46]} {[%emt 00:00:05]} Bxe6 {[%clk 00:01:00]} {[%emt
00:00:05]} 27. Kc2 {[%clk 00:10:12]} {[%emt 00:00:04]} Qb5 {[%clk 00:00:39]}
{[%emt 00:00:52]} 28. Re1 {[%clk 00:07:51]} {[%emt 00:02:50]} Qf5+ {[%clk
00:01:05]} {[%emt 00:00:04]} 29. Rd3 {[%clk 00:06:36]} {[%emt 00:01:46]} d5
{[%clk 00:01:07]} {[%emt 00:00:28]} 30. Re2 {[%clk 00:03:19]} {[%emt 00:03:47]}
h5 {[%clk 00:01:03]} {[%emt 00:00:34]} 31. Red2 {[%clk 00:03:05]} {[%emt
00:00:44]} Kg7 {[%clk 00:00:34]} {[%emt 00:01:00]} 32. Kd1 {[%clk 00:03:10]}
{[%emt 00:00:24]} Qf6 {[%clk 00:00:32]} {[%emt 00:00:32]} 33. Rd4 {[%clk
00:03:24]} {[%emt 00:00:16]} Qe5 {[%clk 00:00:37]} {[%emt 00:00:25]} 34. Re2
{[%clk 00:02:42]} {[%emt 00:01:11]} Qf6 {[%clk 00:00:35]} {[%emt 00:00:33]} 35.
Re3 {[%clk 00:02:31]} {[%emt 00:00:41]} Qf5 {[%clk 00:00:36]} {[%emt 00:00:30]}
36. Bc2 {[%clk 00:02:31]} {[%emt 00:00:29]} Qf6 {[%clk 00:00:58]} {[%emt
00:00:07]} 37. Ke2 {[%clk 00:02:28]} {[%emt 00:00:34]} Qd8 {[%clk 00:01:02]}
{[%emt 00:00:25]} 38. Bb3 {[%clk 00:02:35]} {[%emt 00:00:24]} Qd6 {[%clk
00:00:37]} {[%emt 00:00:55]} 39. Kf2 {[%clk 00:02:05]} {[%emt 00:01:00]} Qc5
{[%clk 00:00:47]} {[%emt 00:00:20]} 40. Kg3 {[%clk 00:01:26]} {[%emt 00:01:08]}
Qd6+ {[%clk 00:00:42]} {[%emt 00:00:36]} 41. Kf2 {[%clk 00:01:52]} {[%emt
00:00:04]} Qc5 {[%clk 00:01:07]} {[%emt 00:00:04]} 42. Kg3 {[%clk 00:00:59]}
{[%emt 00:01:24]} Qd6+ {[%clk 00:00:44]} {[%emt 00:00:53]} 43. f4 {[%clk
00:00:47]} {[%emt 00:00:41]} f6 {[%clk 00:00:39]} {[%emt 00:00:36]} 44. Kf2
{[%clk 00:01:04]} {[%emt 00:00:13]} Bf7 {[%clk 00:00:32]} {[%emt 00:00:37]} 45.
Red3 {[%clk 00:01:10]} {[%emt 00:00:24]} Qb6 {[%clk 00:00:32]} {[%emt
00:00:30]} 46. Kg3 {[%clk 00:01:32]} {[%emt 00:00:07]} Qb8 {[%clk 00:00:35]}
{[%emt 00:00:27]} 47. Bxd5 {[%clk 00:01:29]} {[%emt 00:00:34]} Qb2 {[%clk
00:00:40]} {[%emt 00:00:25]} 48. Bxf7 {[%clk 00:00:55]} {[%emt 00:01:03]} Kxf7
{[%clk 00:01:08]} {[%emt 00:00:02]} 49. Rd7+ {[%clk 00:00:54]} {[%emt
00:00:31]} Ke8 {[%clk 00:00:34]} {[%emt 00:01:04]} 50. Ra7 {[%clk 00:00:53]}
{[%emt 00:00:31]} Qxa2 {[%clk 00:00:49]} {[%emt 00:00:15]} 51. Re3+ {[%clk
00:00:48]} {[%emt 00:00:35]} Kf8 {[%clk 00:00:56]} {[%emt 00:00:24]} 52. Rd3
{[%clk 00:00:58]} {[%emt 00:00:20]} Ke8 {[%clk 00:01:21]} {[%emt 00:00:05]} 53.
Re3+ {[%clk 00:01:20]} {[%emt 00:00:06]} Kf8 {[%clk 00:01:48]} {[%emt
00:00:04]} 54. c4 {[%clk 00:01:36]} {[%emt 00:00:16]} Qxc4 {[%clk 00:01:56]}
{[%emt 00:00:21]} 55. Rexa3 {[%clk 00:01:56]} {[%emt 00:00:10]} g5 {[%clk
00:01:00]} {[%emt 00:01:26]} 56. hxg5 {[%clk 00:01:28]} {[%emt 00:00:58]} fxg5
{[%clk 00:01:19]} {[%emt 00:00:11]} 57. fxg5 {[%clk 00:01:05]} {[%emt
00:00:53]} Qg4+ {[%clk 00:01:28]} {[%emt 00:00:20]} 58. Kf2 {[%clk 00:01:30]}
{[%emt 00:00:05]} Qd4+ {[%clk 00:01:12]} {[%emt 00:00:47]} 59. Ke2 {[%clk
00:01:49]} {[%emt 00:00:11]} Qe4+ {[%clk 00:00:53]} {[%emt 00:00:49]} 60. Kf1
{[%clk 00:02:11]} {[%emt 00:00:07]} Qc4+ {[%clk 00:01:01]} {[%emt 00:00:22]} 61.
Kg1 {[%clk 00:02:12]} {[%emt 00:00:29]} Qd4+ {[%clk 00:01:05]} {[%emt
00:00:27]} 62. Kh2 {[%clk 00:02:28]} {[%emt 00:00:12]} Qf4+ {[%clk 00:00:55]}
{[%emt 00:00:42]} 63. Kg1 {[%clk 00:02:33]} {[%emt 00:00:25]} Qd4+ {[%clk
00:01:16]} {[%emt 00:00:09]} 64. Kf1 {[%clk 00:02:58]} {[%emt 00:00:04]} Qd1+
{[%clk 00:01:32]} {[%emt 00:00:14]} 65. Kf2 {[%clk 00:03:20]} {[%emt 00:00:08]}
Qd4+ {[%clk 00:01:50]} {[%emt 00:00:13]} 66. Ke2 {[%clk 00:02:25]} {[%emt
00:01:25]} Qe4+ {[%clk 00:02:12]} {[%emt 00:00:08]} 67. Kf1 {[%clk 00:02:36]}
{[%emt 00:00:18]} Qc4+ {[%clk 00:02:31]} {[%emt 00:00:12]} 68. Ke1 {[%clk
00:02:30]} {[%emt 00:00:34]} Qe4+ {[%clk 00:02:40]} {[%emt 00:00:22]} 69. Kf1
{[%clk 00:02:01]} {[%emt 00:00:58]} 1/2-1/2

[Event "Elite Hotels Open 2025"]
[Site "Elite Stadshotellet, Växjö, Sweden"]
[Date "2025.02.08"]
[Round "6.4"]
[White "Johansson, Ulf 1966"]
[Black "Kucuksari, Kaan"]
[Result "1/2-1/2"]
[TimeControl "R1-4: 15 min + 5 sek, R5-8: 90 min + 30 sek"]
[BlackTitle "IM"]
[WhiteElo "2101"]
[BlackElo "2463"]

1. e4 {[%clk 01:30:56]} {[%emt 00:00:04]} c5 {[%clk 01:30:55]} {[%emt
00:00:06]} 2. Nf3 {[%clk 01:31:21]} {[%emt 00:00:05]} d6 {[%clk 01:31:20]}
{[%emt 00:00:05]} 3. d4 {[%clk 01:31:46]} {[%emt 00:00:05]} cxd4 {[%clk
01:31:45]} {[%emt 00:00:04]} 4. Qxd4 {[%clk 01:32:10]} {[%emt 00:00:06]} Nf6
{[%clk 01:32:07]} {[%emt 00:00:08]} 5. Be2 {[%clk 01:32:29]} {[%emt 00:00:11]}
Nc6 {[%clk 01:32:32]} {[%emt 00:00:05]} 6. Qe3 {[%clk 01:32:53]} {[%emt
00:00:05]} g6 {[%clk 01:32:56]} {[%emt 00:00:07]} 7. O-O {[%clk 01:33:10]}
{[%emt 00:00:13]} Bg7 {[%clk 01:33:22]} {[%emt 00:00:04]} 8. h3 {[%clk
01:33:34]} {[%emt 00:00:05]} O-O {[%clk 01:33:44]} {[%emt 00:00:10]} 9. Rd1
{[%clk 01:33:58]} {[%emt 00:00:05]} Nd7 {[%clk 01:29:24]} {[%emt 00:04:51]} 10.
Nc3 {[%clk 01:34:04]} {[%emt 00:00:23]} a6 {[%clk 01:27:16]} {[%emt 00:02:39]}
11. a4 {[%clk 01:33:05]} {[%emt 00:01:29]} Nb4 {[%clk 01:25:07]} {[%emt
00:02:38]} 12. Ne1 {[%clk 01:25:47]} {[%emt 00:07:47]} b6 {[%clk 01:23:46]}
{[%emt 00:01:52]} 13. Nd5 {[%clk 01:25:11]} {[%emt 00:01:06]} Nxd5 {[%clk
01:24:09]} {[%emt 00:00:07]} 14. exd5 {[%clk 01:25:38]} {[%emt 00:00:03]} Nc5
{[%clk 01:24:03]} {[%emt 00:00:36]} 15. Ra3 {[%clk 01:22:33]} {[%emt 00:03:35]}
Bd7 {[%clk 01:23:41]} {[%emt 00:00:53]} 16. b3 {[%clk 01:17:39]} {[%emt
00:05:24]} a5 {[%clk 01:20:36]} {[%emt 00:03:34]} 17. Ra2 {[%clk 01:17:24]}
{[%emt 00:00:45]} Re8 {[%clk 01:15:26]} {[%emt 00:05:41]} 18. Nd3 {[%clk
01:09:02]} {[%emt 00:08:51]} Rc8 {[%clk 01:12:39]} {[%emt 00:03:18]} 19. Nxc5
{[%clk 01:08:34]} {[%emt 00:00:58]} bxc5 {[%clk 00:57:59]} {[%emt 00:15:09]} 20.
Bb2 {[%clk 01:06:37]} {[%emt 00:02:27]} Bxb2 {[%clk 00:58:21]} {[%emt
00:00:09]} 21. Rxb2 {[%clk 01:06:58]} {[%emt 00:00:08]} e5 {[%clk 00:58:42]}
{[%emt 00:00:09]} 22. dxe6 {[%clk 01:07:02]} {[%emt 00:00:26]} Rxe6 {[%clk
00:57:23]} {[%emt 00:01:49]} 23. Qd2 {[%clk 01:06:34]} {[%emt 00:00:57]} d5
{[%clk 00:57:25]} {[%emt 00:00:29]} 24. Rbb1 {[%clk 01:01:55]} {[%emt
00:05:08]} Rd6 {[%clk 00:57:09]} {[%emt 00:00:46]} 25. Bb5 {[%clk 00:53:02]}
{[%emt 00:09:24]} Bf5 {[%clk 00:57:03]} {[%emt 00:00:36]} 26. Re1 {[%clk
00:52:39]} {[%emt 00:00:54]} Qc7 {[%clk 00:56:53]} {[%emt 00:00:40]} 27. Rbd1
{[%clk 00:52:43]} {[%emt 00:00:24]} Rdd8 {[%clk 00:55:36]} {[%emt 00:01:48]} 28.
Bd3 {[%clk 00:48:48]} {[%emt 00:04:26]} Be6 {[%clk 00:54:41]} {[%emt 00:01:25]}
29. Ba6 {[%clk 00:48:34]} {[%emt 00:00:44]} Rb8 {[%clk 00:52:53]} {[%emt
00:02:17]} 30. Bb5 {[%clk 00:48:34]} {[%emt 00:00:30]} Rbc8 {[%clk 00:50:23]}
{[%emt 00:03:00]} 31. Ba6 {[%clk 00:48:26]} {[%emt 00:00:38]} Ra8 {[%clk
00:50:48]} {[%emt 00:00:05]} 32. Bb5 {[%clk 00:48:50]} {[%emt 00:00:06]} Bf5
{[%clk 00:48:58]} {[%emt 00:02:21]} 33. Bd3 {[%clk 00:48:58]} {[%emt 00:00:21]}
Bxd3 {[%clk 00:49:22]} {[%emt 00:00:06]} 34. Qxd3 {[%clk 00:49:26]} {[%emt
00:00:02]} Rac8 {[%clk 00:44:54]} {[%emt 00:04:58]} 35. Re3 {[%clk 00:47:43]}
{[%emt 00:02:13]} Rb8 {[%clk 00:41:35]} {[%emt 00:03:49]} 36. Rde1 {[%clk
00:47:15]} {[%emt 00:00:57]} Qc6 {[%clk 00:36:44]} {[%emt 00:05:20]} 37. Re7
{[%clk 00:46:28]} {[%emt 00:01:18]} Qf6 {[%clk 00:32:11]} {[%emt 00:05:04]} 38.
Qd2 {[%clk 00:46:18]} {[%emt 00:00:39]} Ra8 {[%clk 00:29:25]} {[%emt 00:03:18]}
39. Qe2 {[%clk 00:44:45]} {[%emt 00:02:01]} Qc3 {[%clk 00:26:35]} {[%emt
00:03:21]} 1/2-1/2

[Event "Elite Hotels Open 2025"]
[Site "Elite Stadshotellet, Växjö, Sweden"]
[Date "2025.02.08"]
[Round "6.5"]
[White "Fransson, Percy"]
[Black "Jacobsen, Mikkel Manosri"]
[Result "1/2-1/2"]
[TimeControl "R1-4: 15 min + 5 sek, R5-8: 90 min + 30 sek"]
[BlackTitle "FM"]
[WhiteElo "2100"]
[BlackElo "2314"]

1. e4 {[%clk 01:30:54]} {[%emt 00:00:04]} c6 {[%clk 01:30:40]} {[%emt
00:00:22]} 2. Nf3 {[%clk 01:30:41]} {[%emt 00:00:44]} d5 {[%clk 01:31:03]}
{[%emt 00:00:06]} 3. exd5 {[%clk 01:31:01]} {[%emt 00:00:09]} cxd5 {[%clk
01:31:28]} {[%emt 00:00:05]} 4. Ne5 {[%clk 01:31:01]} {[%emt 00:00:30]} Nc6
{[%clk 01:27:59]} {[%emt 00:04:00]} 5. d4 {[%clk 01:31:07]} {[%emt 00:00:23]}
Bf5 {[%clk 01:27:09]} {[%emt 00:01:20]} 6. g4 {[%clk 01:28:26]} {[%emt
00:03:11]} Bd7 {[%clk 01:27:29]} {[%emt 00:00:10]} 7. c3 {[%clk 01:19:27]}
{[%emt 00:09:28]} e6 {[%clk 01:07:38]} {[%emt 00:20:22]} 8. Bd3 {[%clk
01:09:50]} {[%emt 00:10:08]} Bd6 {[%clk 00:53:52]} {[%emt 00:14:16]} 9. Qe2
{[%clk 01:01:12]} {[%emt 00:09:08]} Qc7 {[%clk 00:54:11]} {[%emt 00:00:10]} 10.
Nxd7 {[%clk 00:55:50]} {[%emt 00:05:53]} Kxd7 {[%clk 00:51:35]} {[%emt
00:03:06]} 11. Nd2 {[%clk 00:49:56]} {[%emt 00:06:23]} Nge7 {[%clk 00:39:27]}
{[%emt 00:12:39]} 12. Nf3 {[%clk 00:48:05]} {[%emt 00:02:21]} Ng6 {[%clk
00:39:40]} {[%emt 00:00:17]} 13. Bxg6 {[%clk 00:45:03]} {[%emt 00:03:32]} hxg6
{[%clk 00:40:03]} {[%emt 00:00:06]} 14. h3 {[%clk 00:42:24]} {[%emt 00:03:10]}
Rab8 {[%clk 00:34:17]} {[%emt 00:06:15]} 15. Bd2 {[%clk 00:38:57]} {[%emt
00:03:58]} b5 {[%clk 00:33:58]} {[%emt 00:00:49]} 16. b3 {[%clk 00:36:35]}
{[%emt 00:02:53]} Bf4 {[%clk 00:27:35]} {[%emt 00:06:52]} 17. Kf1 {[%clk
00:34:12]} {[%emt 00:02:53]} Bxd2 {[%clk 00:26:04]} {[%emt 00:02:02]} 18. Qxd2
{[%clk 00:34:29]} {[%emt 00:00:12]} f6 {[%clk 00:25:34]} {[%emt 00:01:00]} 19.
Kg2 {[%clk 00:33:09]} {[%emt 00:01:49]} g5 {[%clk 00:25:07]} {[%emt 00:00:58]}
20. Ne1 {[%clk 00:25:26]} {[%emt 00:08:13]} Qf4 {[%clk 00:23:08]} {[%emt
00:02:28]} 21. Qxf4 {[%clk 00:20:30]} {[%emt 00:05:27]} gxf4 {[%clk 00:23:36]}
{[%emt 00:00:02]} 22. Rd1 {[%clk 00:20:01]} {[%emt 00:00:59]} b4 {[%clk
00:21:24]} {[%emt 00:02:42]} 23. c4 {[%clk 00:19:40]} {[%emt 00:00:51]} dxc4
{[%clk 00:21:52]} {[%emt 00:00:02]} 24. bxc4 {[%clk 00:20:04]} {[%emt
00:00:06]} Na5 {[%clk 00:22:14]} {[%emt 00:00:08]} 25. Nd3 {[%clk 00:19:02]}
{[%emt 00:01:32]} Nxc4 {[%clk 00:19:35]} {[%emt 00:03:09]} 26. Nxf4 {[%clk
00:19:01]} {[%emt 00:00:30]} Nb2 {[%clk 00:10:30]} {[%emt 00:09:36]} 27. Rd2
{[%clk 00:15:38]} {[%emt 00:03:53]} Na4 {[%clk 00:10:55]} {[%emt 00:00:06]} 28.
Re1 {[%clk 00:15:38]} {[%emt 00:00:29]} Rhe8 {[%clk 00:09:55]} {[%emt
00:01:30]} 29. Rc2 {[%clk 00:13:28]} {[%emt 00:02:40]} a5 {[%clk 00:08:07]}
{[%emt 00:02:18]} 30. Rec1 {[%clk 00:06:58]} {[%emt 00:07:00]} Rbc8 {[%clk
00:08:30]} {[%emt 00:00:07]} 31. Nd3 {[%clk 00:06:30]} {[%emt 00:00:58]} Rxc2
{[%clk 00:07:55]} {[%emt 00:01:05]} 32. Rxc2 {[%clk 00:06:59]} Rc8 {[%clk
00:08:02]} {[%emt 00:00:22]} 33. Rd2 {[%clk 00:06:02]} {[%emt 00:01:27]} Kd6
{[%clk 00:06:32]} {[%emt 00:02:01]} 34. Kf3 {[%clk 00:05:10]} {[%emt 00:01:22]}
Rc3 {[%clk 00:06:39]} {[%emt 00:00:22]} 35. Ke4 {[%clk 00:04:04]} {[%emt
00:01:36]} Ra3 {[%clk 00:07:05]} {[%emt 00:00:05]} 36. h4 {[%clk 00:02:32]}
{[%emt 00:02:02]} Nc3+ {[%clk 00:06:22]} {[%emt 00:01:13]} 37. Kf4 {[%clk
00:02:49]} {[%emt 00:00:13]} g5+ {[%clk 00:03:05]} {[%emt 00:03:47]} 38. hxg5
{[%clk 00:03:09]} {[%emt 00:00:09]} fxg5+ {[%clk 00:03:32]} {[%emt 00:00:04]}
39. Ke3 {[%clk 00:02:58]} {[%emt 00:00:41]} Ke7 {[%clk 00:02:19]} {[%emt
00:01:43]} 40. f4 {[%clk 00:02:17]} {[%emt 00:01:11]} Nd5+ {[%clk 00:02:47]}
{[%emt 00:00:02]} 41. Ke4 {[%clk 00:02:34]} {[%emt 00:00:12]} gxf4 {[%clk
00:03:13]} {[%emt 00:00:05]} 42. g5 {[%clk 00:02:14]} {[%emt 00:00:50]} Rxa2
{[%clk 00:02:32]} {[%emt 00:01:11]} 43. Rxa2 {[%clk 00:01:01]} {[%emt
00:01:43]} Nc3+ {[%clk 00:03:00]} 44. Kxf4 {[%clk 00:01:21]} {[%emt 00:00:11]}
Nxa2 {[%clk 00:03:24]} {[%emt 00:00:06]} 45. Ke5 {[%clk 00:01:29]} {[%emt
00:00:22]} Nc3 {[%clk 00:03:02]} {[%emt 00:00:52]} 46. Nc5 {[%clk 00:01:15]}
{[%emt 00:00:44]} a4 {[%clk 00:03:23]} {[%emt 00:00:09]} 47. d5 {[%clk
00:00:43]} {[%emt 00:01:02]} exd5 {[%clk 00:02:11]} {[%emt 00:01:42]} 48. Kd4
{[%clk 00:01:05]} {[%emt 00:00:08]} Nb5+ {[%clk 00:01:45]} {[%emt 00:00:57]} 49.
Kxd5 {[%clk 00:01:09]} {[%emt 00:00:24]} b3 {[%clk 00:00:48]} {[%emt 00:01:28]}
50. Nxa4 {[%clk 00:01:19]} {[%emt 00:00:21]} Kf7 {[%clk 00:01:13]} {[%emt
00:00:04]} 51. Kc4 {[%clk 00:01:23]} {[%emt 00:00:26]} Kg6 {[%clk 00:01:42]}
{[%emt 00:00:01]} 52. Kxb5 {[%clk 00:01:41]} {[%emt 00:00:13]} b2 {[%clk
00:02:07]} {[%emt 00:00:05]} 53. Nxb2 {[%clk 00:02:07]} {[%emt 00:00:04]} Kxg5
{[%clk 00:02:34]} {[%emt 00:00:03]} 1/2-1/2

[Event "Elite Hotels Open 2025"]
[Site "Elite Stadshotellet, Växjö, Sweden"]
[Date "2025.02.08"]
[Round "6.6"]
[White "Schriever-Abeln, Marius"]
[Black "Ernst, Thomas"]
[Result "0-1"]
[TimeControl "R1-4: 15 min + 5 sek, R5-8: 90 min + 30 sek"]
[BlackTitle "GM"]
[WhiteElo "2076"]
[BlackElo "2299"]

1. d4 {[%clk 01:30:52]} {[%emt 00:00:08]} Nf6 {[%clk 01:30:50]} {[%emt
00:00:11]} 2. c4 {[%clk 01:31:15]} {[%emt 00:00:07]} e6 {[%clk 01:30:56]}
{[%emt 00:00:24]} 3. Nf3 {[%clk 01:31:34]} {[%emt 00:00:11]} c5 {[%clk
01:31:13]} {[%emt 00:00:12]} 4. d5 {[%clk 01:31:33]} {[%emt 00:00:31]} d6
{[%clk 01:31:26]} {[%emt 00:00:17]} 5. Nc3 {[%clk 01:31:33]} {[%emt 00:00:30]}
exd5 {[%clk 01:31:47]} {[%emt 00:00:10]} 6. cxd5 {[%clk 01:31:56]} {[%emt
00:00:07]} g6 {[%clk 01:32:07]} {[%emt 00:00:09]} 7. Bf4 {[%clk 01:31:07]}
{[%emt 00:01:19]} a6 {[%clk 01:32:24]} {[%emt 00:00:13]} 8. a4 {[%clk
01:31:30]} {[%emt 00:00:07]} Bg7 {[%clk 01:32:38]} {[%emt 00:00:16]} 9. h3
{[%clk 01:30:58]} {[%emt 00:01:03]} O-O {[%clk 01:32:45]} {[%emt 00:00:23]} 10.
e3 {[%clk 01:31:01]} {[%emt 00:00:27]} Re8 {[%clk 01:29:17]} {[%emt 00:03:57]}
11. Bd3 {[%clk 01:28:46]} {[%emt 00:02:45]} b6 {[%clk 01:26:30]} {[%emt
00:03:17]} 12. O-O {[%clk 01:26:49]} {[%emt 00:02:27]} Bb7 {[%clk 01:26:41]}
{[%emt 00:00:20]} 13. e4 {[%clk 01:16:53]} {[%emt 00:10:26]} c4 {[%clk
01:26:17]} {[%emt 00:00:54]} 14. Bc2 {[%clk 01:16:23]} {[%emt 00:00:59]} Qc7
{[%clk 01:26:27]} {[%emt 00:00:20]} 15. Re1 {[%clk 01:11:45]} {[%emt 00:05:09]}
Nbd7 {[%clk 01:26:40]} {[%emt 00:00:16]} 16. Nd2 {[%clk 01:01:55]} {[%emt
00:10:20]} Rac8 {[%clk 01:25:39]} {[%emt 00:01:31]} 17. Bh2 {[%clk 01:00:16]}
{[%emt 00:02:10]} Qc5 {[%clk 01:23:40]} {[%emt 00:02:26]} 18. Qf3 {[%clk
00:51:20]} {[%emt 00:09:28]} Ra8 {[%clk 01:19:07]} {[%emt 00:05:03]} 19. Qe3
{[%clk 00:45:33]} {[%emt 00:06:18]} Qb4 {[%clk 01:18:33]} {[%emt 00:01:03]} 20.
Rab1 {[%clk 00:27:27]} {[%emt 00:18:37]} Nxd5 {[%clk 01:17:52]} {[%emt
00:01:10]} 21. Nxd5 {[%clk 00:26:19]} {[%emt 00:01:37]} Bxd5 {[%clk 01:18:15]}
{[%emt 00:00:08]} 22. Red1 {[%clk 00:23:57]} {[%emt 00:02:52]} Be6 {[%clk
01:05:40]} {[%emt 00:13:04]} 23. Nf1 {[%clk 00:22:44]} {[%emt 00:01:44]} d5
{[%clk 01:01:33]} {[%emt 00:04:38]} 24. e5 {[%clk 00:18:14]} {[%emt 00:05:00]}
b5 {[%clk 00:57:21]} {[%emt 00:04:41]} 25. g4 {[%clk 00:15:33]} {[%emt
00:03:12]} f6 {[%clk 00:54:05]} {[%emt 00:03:45]} 26. f4 {[%clk 00:14:31]}
{[%emt 00:01:33]} fxe5 {[%clk 00:54:09]} {[%emt 00:00:26]} 27. f5 {[%clk
00:12:43]} {[%emt 00:02:18]} Bf7 {[%clk 00:48:49]} {[%emt 00:05:48]} 28. Qg3
{[%clk 00:11:43]} {[%emt 00:01:30]} Rad8 {[%clk 00:47:15]} {[%emt 00:02:06]} 29.
h4 {[%clk 00:11:17]} {[%emt 00:00:56]} Qc5+ {[%clk 00:44:08]} {[%emt 00:03:36]}
30. Kg2 {[%clk 00:10:13]} {[%emt 00:01:35]} d4 {[%clk 00:44:21]} {[%emt
00:00:17]} 31. fxg6 {[%clk 00:09:58]} {[%emt 00:00:45]} hxg6 {[%clk 00:44:39]}
{[%emt 00:00:12]} 32. h5 {[%clk 00:10:03]} {[%emt 00:00:25]} d3 {[%clk
00:43:46]} {[%emt 00:01:21]} 0-1